000 00309nam a2200109Ia 4500
008 171211s9999 xx 000 0 und d
245 _aHarmonic Rhythm: Analysis and Interpretation
245 _cJoseph P. Swain
260 _c2002
650 _xmusic
856 _uhttp://down.ebook777.com/061/9780195150872.pdf
999 _c348668
_d348668